00612 2200193 4500001002100000005001500021035002000036007000300056008003900059082001000098084001700108100002700125245013400152260005500286300004200341650001100383650001000394022001400404INLIS00000000000094520240909090127 a0010-0924000023ta240909 | | |  a635.6 a635.6 SAL p0 aSalama, Hussein Sameir1 aPrediction of annual generations of the tomato leaf miner Tuta absoluta on tomato cultivations in Egypt /cSalama, Hussein Sameir aNetherlands, Berlin :bSpringer Nature B.V.,c2019 a1-12 hlm, :bilus, ;c21 cm X 29,5 cm 4aJurnal 4aTomat a2522-8307